Stranger Things Character Quiz - Statistics

General Stats
  • This quiz has been taken 455 times
  • The average score is 21 of 32
Answer Stats
Picture Answer % Correct
Eleven
99%
Will Byers
83%
Eddie Munson
82%
Max
82%
Steve Harrington
81%
Henry Creel
80%
Mike Wheeler
80%
Nancy Wheeler
80%
Dustin Henderson
78%
Demogorgon
77%
Jim Hopper
76%
Lucas Sinclair
74%
Erica Sinclair
73%
Jonathan Byers
73%
Joyce Byers
73%
Billy Hargrove
67%
Karen Wheeler
67%
Robin Buckley
67%
Murray
66%
Barbara
65%
Suzie
65%
Argyle
61%
Ted Wheeler
60%
Alexei
57%
Bob Newby
56%
Vickie
55%
Victor Creel
53%
Martin Brenner
52%
Chrissy Cunningham
42%
Sam Owens
39%
Clarke
30%
Heather Holloway
28%
No matching quizzes found
Score Distribution
Percent of People with Each Score
Percentile by Number Answered
Your Score History
You have not taken this quiz